00445nam a2200169Ia 4500001000900000003000500009005001700014008004100031010001100072040000900083082001300092100002400105245005800129260002800187300001100215600004900226dia_2109CHAP20230411093757.0220117s1988 xx 000 0 und d a172647 cCHAP a636.5 P3 aParkhust, Carmen R. aPoultry Meat Egg Production /c by Carmen R. Parkhust aNew York :b AVI,c1988 a294 p. a1.Huevo-producción/ 2.Aves de corral. i.t.